Most Guessed Minecraft Mobs - Statistics

General Stats
  • This quiz has been taken 242 times
  • The average score is 16 of 20
Answer Stats
% Type Mob % Correct
95 Hostile Zombie
99%
95 Passive Cow
96%
96 Passive Pig
96%
92 Boss Ender Dragon
93%
92 Tameable Wolf
91%
92 Hostile Skeleton
90%
80 Boss Wither
89%
85 Hostile Creeper
84%
88 Passive Sheep
84%
89 Passive Chicken
81%
90 Hostile Spider Jockey
81%
85 Tameable Cat
80%
90 Neutral Spider
80%
89 Hostile Chicken Jockey
79%
84 Neutral Enderman
75%
88 Tameable Horse
75%
88 Utility Iron Golem
65%
83 Passive Villager
64%
74 Utility Snow Golem
52%
96 Neutral Piglin
40%
No matching quizzes found
Score Distribution
Percent of People with Each Score
Percentile by Number Answered
Your Score History
You have not taken this quiz